Ser, saber, hacer
Saved in:
| Main Author: | |
|---|---|
| Format: | Book |
| Language: | Spanish |
| Published: |
Ciudad de México
Paidós
2002
|
| Edition: | 1a. ed |
| Series: | Biblioteca Iberoamericana de Ensayo, 12
|
| Subjects: | |
| Tags: |
Add Tag
No Tags, Be the first to tag this record!
|
MARC
| LEADER | 00000nam a2200000 a 4500 | ||
|---|---|---|---|
| 001 | UCL7249 | ||
| 003 | CL-VaPUC | ||
| 008 | 040514e20020000MX |||||||||||||||||spa|d | ||
| 020 | |a 9688534846 | ||
| 082 | 0 | 4 | |a 199.82 |b BUN |2 21 |
| 100 | 0 | |a Bunge, Mario |e author |9 485111 | |
| 245 | 1 | 0 | |a Ser, saber, hacer |
| 250 | |a 1a. ed | ||
| 300 | |a 156 p | ||
| 942 | |c BK | ||
| 945 | |d 20040514 00:00:00 |a cmena | ||
| 260 | |a Ciudad de México |b Paidós |c 2002 | ||
| 650 | 0 | |a Filosofía contemporánea |9 265372 | |
| 650 | 7 | |a FILOSOFOS ARGENTINOS |2 CL-VaPUC |9 464631 | |
| 650 | 0 | |a Filosofía de las ciencias |9 256466 | |
| 650 | 0 | |a Escuelas filosóficas |9 266232 | |
| 650 | 0 | |a Psicología |9 257863 | |
| 650 | 0 | |a Ontología |9 256850 | |
| 583 | |a last modification |c 20040514 00:00:00 |k Rodrigo Vera | ||
| 490 | 0 | |a Biblioteca Iberoamericana de Ensayo, 12 | |
| 999 | |c 309097 |d 309095 | ||
| 952 | |0 0 |1 0 |4 0 |6 199_820000000000000_BUN_2002 |7 0 |8 A |9 376381 |a BIBDER |b BIBDER |d 2019-11-21 |i 4013263 |o 199.82 BUN 2002 |p 4013263 |r 2023-01-25 |w 2019-11-21 |y BK |k DER | ||
| 952 | |0 0 |1 0 |4 0 |6 199_820000000000000_BUN_2002 |7 0 |8 A |9 376382 |a BIBEDU |b BIBEDU |d 2019-11-21 |i 4366093 |o 199.82 BUN 2002 |p 4366093 |r 2019-11-21 |w 2019-11-21 |y BK |k FIL | ||